000 00637cam a22002411 4500
001 sa 68005691
003 DLC
005 20260227112510.0
008 900223s1967 ii 000 0 pan
010 _asa 68005691
025 _aPL480:I-Pu-1126
035 _a(OCoLC)21113837
040 _aDLC
_cMiEM
_dMiEM
_dDLC
042 _apremarc
050 0 0 _aPK2659.A84
_bB5
100 1 _aHamarāhī, Ātama,
_d1936-
245 1 0 _aBihāga.
_c[Lekhaka] Ātama Hamarāhī.
250 _a[1. Wāra]
260 _aAmritasara,
_bDarabāra Publishing House
_c[1967]
300 _a7, 115 p.
_c19 cm.
500 _aIn Panjabi.
500 _aPoems.
999 _c80883
_d80883